000 00997nam a22003017a 4500
001 6053
003 FISKH
005 20250227114144.0
008 250227b cb ||||| |||| 00| 0 eng d
020 _a9780439113281
040 _aFISKH
_beng
_cFISKH
_dFISKH
050 _aPZ7.D15243 T
082 _a823
100 _aDale, Jenny
_d(1956-)
245 _aTug of love /
_cJenny Dale ; Illustrations by Mick Reid ; Cover illustration by Michael Rowe
250 _aThis edition first published in 2000
260 _aLondon :
_bScholastic,
_c1997
300 _a108 pages :
_billustrations ;
_c20 cm
505 _aR
520 _aNeil must try to unravel a mystery when he reunites lost dog Jason with its owners, only to have an angry man turn up claiming the dog was stolen from him.
521 8 _a670
_bLexile
521 8 _aR
_bRaz-Plus
650 _2Animals
_aSmiley
650 _2Dog
_aPuppy Patrol
700 _aReid, Mick
_dillustrator
942 _2ddc
_cBK
_n0
999 _c6053
_d6053